00409 2200169 4500245004700000020002200047250001100069100001100080700001300091650003500104005001900139260002600158041001400184084000800198300002400206336000900230 aSolusi Galau dengan KeluargacAve RyhText a978-979-063-932-4 aCet. 1 aAve Ry aWicha SB aEtika Hubungan dengan Keluarga a20230214091510 aJakartabZikrulc2014 aIndonesia a173 a64 hlm. :c20.5 cm. atext